|
|
|
|
| LEADER |
00000cam a2200000 7i4500 |
| 001 |
0000145701 |
| 005 |
20221019.0 |
| 008 |
221019s2022 my a xb k may |
| 020 |
|
|
|a 9789672372844
|
| 020 |
|
|
|a 9789672372851 (set)
|
| 040 |
|
|
|a PERPUSTAM
|b eng
|c PERPUSTAM
|e rda
|
| 090 |
0 |
0 |
|a J 959.503
|b ZAB
|
| 100 |
0 |
|
|a Zabri Zakaria ,
|d 1969- ,
|e author
|
| 245 |
1 |
0 |
|a PENDERITAAN ERA PENJAJAHAN JEPUN
|c Zabri Zakaria
|
| 264 |
|
1 |
|a Petaling Jaya, Selangor :
|b Impiana Publications & Distributors Sdn. Bhd.
|c [2022?]
|
| 300 |
|
|
|a 40 pages :
|b colour illustrationss ;
|c 26 cm.
|
| 336 |
|
|
|a text
|2 rdacontent
|
| 337 |
|
|
|a unmediated
|2 rdamedia
|
| 338 |
|
|
|a volume
|2 rdacarrier
|
| 490 |
1 |
|
|a Jepun Pada Era Perang Dunia Kedua (Asia Pasifik, Tanah Melayu & Borneo)
|
| 500 |
|
|
|a Includes questions and exercises
|
| 650 |
1 |
0 |
|a World War, 1939-1945
|z Malaysia
|z Malaya
|
| 651 |
|
0 |
|a Borneo
|x History
|
| 651 |
|
0 |
|a Malaya
|x History
|y Japanese occupation, 1942-1945
|
| 651 |
|
0 |
|a Pacific Area
|x History
|
| 830 |
|
0 |
|a Jepun pada era Perang Dunia Kedua (Asia Pasifik, Tanah Melayu & Borneo)
|
| 999 |
|
|
|a 0000732041
|b Buku
|c Koleksi Pinjaman Kanak-Kanak
|e Perbadanan Perpustakaan Awam Melaka
|
| 999 |
|
|
|a 0000732042
|b Buku
|c Koleksi Pinjaman Kanak-Kanak
|e Perbadanan Perpustakaan Awam Melaka
|
| 999 |
|
|
|a 0000732043
|b Buku
|c Koleksi Pinjaman Kanak-Kanak
|e Perbadanan Perpustakaan Awam Melaka
|
| 999 |
|
|
|a 0000732044
|b Buku
|c Koleksi Pinjaman Kanak-Kanak
|e Perpustakaan Cawangan Jasin
|
| 999 |
|
|
|a 0000732045
|b Buku
|c Koleksi Pinjaman Kanak-Kanak
|e Perpustakaan Cawangan Masjid Tanah
|
| 999 |
|
|
|a 0000732046
|b Buku
|c Koleksi Pinjaman Kanak-Kanak
|e Perpustakaan Cawangan Merlimau
|
| 999 |
|
|
|a 0000732047
|b Buku
|c Koleksi Pinjaman Kanak-Kanak
|e Perpustakaan Komuniti UTC Melaka
|
| 999 |
|
|
|a 0000732048
|b Buku
|c Koleksi Pinjaman Kanak-Kanak
|e Perbadanan Perpustakaan Awam Melaka
|
| 999 |
|
|
|a 0000732049
|b Buku
|c Koleksi Pinjaman Kanak-Kanak
|e Perbadanan Perpustakaan Awam Melaka
|
| 999 |
|
|
|a 0000732050
|b Buku
|c Koleksi Pinjaman Kanak-Kanak
|e Perbadanan Perpustakaan Awam Melaka
|
| 999 |
|
|
|a 0000732051
|b Buku
|c Koleksi Pinjaman Kanak-Kanak
|e Perbadanan Perpustakaan Awam Melaka
|